000 00513nam a22001457a 4500
020 _a978-1-4075-8163-7
082 _a823ALE/Y
100 _aHEATHER ALEXANDER
245 _aWIZRDS OF THE WAVERY PLACE
_bIN YOUR FACE
260 _aUNITED KINGDOM
_bPARRAGON
_c2009
300 _a123
520 _aJustin, nervous about his date to the junior prom, asks Alex for help in treating a major blemish on his forehead, but her magic causes trouble when the pimple comes to life.
650 _aLOOK WHO'S TALKING
942 _cBK
999 _c463
_d463